000 00829nam a2200205 i 4500
001 31198
003 ES-MaACL
005 20231227160935.0
007 t|
008 030128s1896 sp |||| | spa d
100 1 _aBenavente, Jacinto,
_d1866-1954
_927443
245 1 0 _aGente conocida :
_bescenas de la vida moderna : divididas en cuatro actos /
_cJacinto Benavente.
260 _aMadrid :
_b[s.n.,
_c1896] (
_fAsilo de Huérfanos)
300 _a218 p. ;
_c19 cm.
530 _aDisponible en formato digital.
594 _aRepresentada en el Teatro de la Comedia, el día 21 de octubre de 1896.
852 4 _aES-MaACL
_jR-2260
_xOlim: F-9820
_z- Dedicatoria autógrafa del autor.
856 4 _uhttps://archive.org/details/genteconocidaesc00bena_0/page/n2
_zInternet Archive
999 _c31198
_d31198